1724 1092 1033 1326 1635 1698 1291 1238 1368 1308 1909 1742 1772 1888 1693 1170 1305 1995 1717 1239 1141 1169 1363 1604 1218 1714 1443 1004 1972 1583 1520 1081 1015 1165 1396 1084 1341 1970 1661 1435 1485 1007 1605 1143 1904 1242 1480 1249 1399 1228 1819 1333 1566 1864 1875 1107 1448 1288 1125 1630 1158 1453 1195 1132 1116 1390 1674 1094 1025 1468 1256 1260 1689 1758 1981 1844 1260 1776 2000 1050 1269 1049 1164 1184 1101 1090 1226 1063 1900 1730 1208 1018 1871 1924 1702 1986 1415 1915 1179 BCNSPRNW ULIB Ver.6.0+V

เปลี่ยนเป็นภาษาไทย

Change to English
 แสดงรายละเอียดบรรณานุกรม
  กลับหน้าหลัก

Brief Record : Get Marc (ISO 2709) : E-mail record : QR code < ปิดหน้าต่าง
LEADER : 00000nam 2200000uu 4500
001    13399120066
003     ULIB
008    110220s2553||||th 000 0 tha d
020    9749626931
020    9789749626931
060 04 WY150^bก496 ล.4
110 2  กระทรวงสาธารณสุข. ^bสถาบันพระบรมราชชนก.^bโครงการสวัสดิการวิชาการ
245 10 การพยาบาลผู้ใหญ่และผู้สูงอายุ เล่ม 4 /^cสถาบันพระบรมราชชนกกระทรวงสาธารณสุข
250    พิมพ์ครั้งที่ 11 (ปรับปรุงครั้งที่1)
260    นนทบุรี :^bโครงการสวัสดิการวิชาการ สถาบันพระบรมราชชนกกระทรวงสาธารณสุข,^c2553
300    [12], 375 หน้า :^bภาพประกอบ ;^c26 ซม.
650  2 Geriatric Nursing
650  7 การพยาบาลผู้สูงอายุ
650  7 การพยาบาลเวชศาสตร์วัยชรา
650  7 ผู้สูงอายุ
650  7 ภาวะฉุกเฉิน^xการพยาบาล
945    ^p150^l0^i032582
945    ^p150^l0^i032583
945    ^p150^l0^i032584
945    ^p150^l0^i032585
945    ^p150^l0^i032586
945    ^p150^l0^i032587
945    ^p150^l0^i032588
945    ^p150^l0^i032589
995    ทศพร
999 ^a ใช้งานได้ทุกระบบ
รายการนี้ยังไม่มีแท็ก
คุณยังไม่ได้ล็อกอิน คุณสามารถมีกิจกรรมร่วมกับเว็บไซต์ได้ แต่ต้องล็อกอินก่อน ::
  ล็อกอิน

รายการสื่อสารสนเทศ

ลำดับที่ ประเภท เลขเรียก/บาร์โค้ด สถานที่ สถานะ
1. วิทยาศาสตร์การแพทย์ และสุขภาพ
หนังสือสำรอง
สถานะ=หนังสือสำรอง
WY150 ก496 ล.4 ฉ.1 
  Barcode: 032582
ห้องสมุดวิทยาเขตสวรรค์ประชารักษ์
►ส่วนจัดเก็บหนังสือเก่า สปร
บนชั้น
  ขอยืม
2. วิทยาศาสตร์การแพทย์ และสุขภาพ
วิทยาศาสตร์การแพทย์ และสุขภาพ
WY150 ก496 ล.4 ฉ.2 
  Barcode: 032583
ห้องสมุดวิทยาเขตสวรรค์ประชารักษ์
►ส่วนจัดเก็บหนังสือเก่า สปร
บนชั้น
  ขอยืม
3. วิทยาศาสตร์การแพทย์ และสุขภาพ
วิทยาศาสตร์การแพทย์ และสุขภาพ
WY150 ก496 ล.4 ฉ.3 
  Barcode: 032584
ห้องสมุดวิทยาเขตสวรรค์ประชารักษ์
►ส่วนจัดเก็บหนังสือเก่า สปร
บนชั้น
  ขอยืม
4. วิทยาศาสตร์การแพทย์ และสุขภาพ
วิทยาศาสตร์การแพทย์ และสุขภาพ
WY150 ก496 ล.4 ฉ.4 
  Barcode: 032585
ห้องสมุดวิทยาเขตสวรรค์ประชารักษ์
►ส่วนจัดเก็บหนังสือเก่า สปร
บนชั้น
  ขอยืม
5. วิทยาศาสตร์การแพทย์ และสุขภาพ
วิทยาศาสตร์การแพทย์ และสุขภาพ
WY150 ก496 ล.4 ฉ.5 
  Barcode: 032586
ห้องสมุดวิทยาเขตสวรรค์ประชารักษ์
►ส่วนจัดเก็บหนังสือเก่า สปร
บนชั้น
  ขอยืม
6. วิทยาศาสตร์การแพทย์ และสุขภาพ
วิทยาศาสตร์การแพทย์ และสุขภาพ
WY150 ก496 ล.4 ฉ.6 
  Barcode: 032587
ห้องสมุดวิทยาเขตสวรรค์ประชารักษ์
►ส่วนจัดเก็บหนังสือเก่า สปร
บนชั้น
  ขอยืม
7. วิทยาศาสตร์การแพทย์ และสุขภาพ
วิทยาศาสตร์การแพทย์ และสุขภาพ
WY150 ก496 ล.4 ฉ.7 
  Barcode: 032588
ห้องสมุดวิทยาเขตสวรรค์ประชารักษ์
►ส่วนจัดเก็บหนังสือเก่า สปร
บนชั้น
  ขอยืม
8. วิทยาศาสตร์การแพทย์ และสุขภาพ
วิทยาศาสตร์การแพทย์ และสุขภาพ
WY150 ก496 ล.4 ฉ.8 
  Barcode: 032589
ห้องสมุดวิทยาเขตสวรรค์ประชารักษ์
►ส่วนจัดเก็บหนังสือเก่า สปร
บนชั้น
  ขอยืม

รายการใกล้เคียง
    หัวเรื่อง [Geriatric Nursing]
    หัวเรื่อง [การพยาบาลผู้สูงอายุ]
    หัวเรื่อง [การพยาบาลเวชศาสตร์วัยชรา]
    หัวเรื่อง [ผู้สูงอายุ]

BibComment


ยังไม่เคยถูกคอมเมนท์

คอมเมนท์ทรัพยากรรายการนี้
  คอมเมนท์: การพยาบาลผู้ใหญ่แ..


 Copyright 2026. Bcnsprnw @Library